000
00313nam a2200109Ia 4500
001
1270418
005
20260417151349.0
008
260417s9999 xx 000 0 und d
020
_a
9786258124255
245
0
_a
Gençler! İyiliğinizi İstiyorlar Sakın Vermeyin!
_c
Neva Tezcan Topuz
260
_b
Beyan Yayınları
999
_c
1270418
_d
1270418